| 000 | 00662nam a2200193Ia 4500 | ||
|---|---|---|---|
| 003 | GCL | ||
| 008 | 140319s9999 xx 000 0 ara d | ||
| 040 |
_aGCL / _cGCL |
||
| 082 | 0 | 4 |
_aم _b953 _bع م |
| 100 | 1 | _aعبدالرحمن عبدالله العوضى | |
| 245 | 1 | 0 |
_aموسوعة العالم الاسلامى / _cعبدالرحمن عبدالله العوضى |
| 260 |
_a[S.N] : _bلجنة الاعلام والدراسات المستقبلية |
||
| 300 | _a1073 ص | ||
| 650 | 0 | 4 | _aدوائر المعارف |
| 650 | 0 | 4 | _aالاسلام |
| 650 | 0 | 4 | _aالتاريخ الاسلامى |
| 650 | 0 | 4 | _aالعالم الاسلامى |
| 942 |
_2ddc _cREF |
||
| 999 |
_c59464 _d59464 |
||